[Event "Kavala op-B 33rd"]
[Site "Kavala"]
[Date "2024.07.30"]
[Round "3"]
[White "Merkouropoulos, Dionysios"]
[Black "Kyriakidis, Christoforos"]
[Result "1-0"]
[WhiteElo "1963"]
[BlackElo "1847"]
[PlyCount "71"]
[EventDate "2024.07.29"]
[EventType "swiss"]
[EventRounds "9"]
[EventCountry "GRE"]
[SourceTitle "EXT 2025"]
[Source "ChessBase"]
[SourceDate "2024.10.14"]
[SourceVersion "1"]
[SourceVersionDate "2024.10.14"]
[SourceQuality "1"]

1. d4 Nf6 2. c4 g6 3. Nc3 Bg7 4. e4 d6 5. Nf3 0-0 6. Be2 e5 7. d5 a5 8. Bg5 Na6 9. Nd2 Nc5 10. 0-0 Bd7 11. b3 Qe8 12. a3 h6 13. Be3 Nh7 14. b4 Na4 15. Qc2 f5 16. f3 Nf6 17. c5 Nxc3 18. Qxc3 axb4 19. axb4 Rxa1 20. Rxa1 fxe4 21. fxe4 Ng4 22. Bxg4 Bxg4 23. h3 Be2 24. cxd6 cxd6 25. Qc7 Qb8 26. Qe7 Qc8 27. Ra7 Ba6 28. Qxd6 Qc1+ 29. Kh2 Qe1 30. Qc5 h5 31. b5 h4 32. bxa6 Qg3+ 33. Kh1 Qe1+ 34. Bg1 Qxd2 35. axb7 Qb2 36. Qc7 1-0

[Event "Thessaloniki White Tower op-B 43rd"]
[Site "Thessaloniki"]
[Date "2023.01.04"]
[Round "4"]
[White "Hidzos, Georgios"]
[Black "Kyriakidis, Christoforos"]
[Result "1/2-1/2"]
[WhiteElo "1740"]
[BlackElo "1580"]
[PlyCount "125"]
[EventDate "2023.01.02"]
[EventType "swiss"]
[EventRounds "9"]
[EventCountry "GRE"]
[SourceTitle "CBM 212 Extra"]
[Source "ChessBase"]
[SourceDate "2023.03.31"]
[SourceVersion "1"]
[SourceVersionDate "2023.03.31"]
[SourceQuality "1"]

1. e4 c5 2. Nf3 Nc6 3. d4 cxd4 4. Nxd4 Nf6 5. Nc3 e5 6. Ndb5 d6 7. Bg5 a6 8. Na3 b5 9. Bxf6 gxf6 10. Nd5 f5 11. c3 Bg7 12. Bd3 Be6 13. Nc2 Bxd5 14. exd5 Ne7 15. a4 0-0 16. 0-0 bxa4 17. Rxa4 a5 18. Ne3 e4 19. Bc2 f4 20. Nc4 f5 21. Qd2 Ng6 22. f3 e3 23. Qe2 Nh4 24. Rfa1 Rf6 25. Nxe3 Qb6 26. Qf2 fxe3 27. Qxh4 Re8 28. Qd4 Qxb2 29. R4a2 Qb7 30. Bd3 Rff8 31. Qc4 Rc8 32. Qa6 Qc7 33. Qc6 Qxc6 34. dxc6 Bxc3 35. Rc1 Bb4 36. Kf1 Rc7 37. g3 f4 38. Ke2 h6 39. gxf4 Bd2 40. Rg1+ Kf7 41. Rc2 d5 42. Rg6 Rg8 43. f5 Rxg6 44. fxg6+ Kf6 45. f4 d4 46. Be4 Bb4 47. Kd3 Bd6 48. Rc4 Bxf4 49. Rxd4 Bxh2 50. Rd5 Ra7 51. Rh5 Bb8 52. Rf5+ Kg7 53. Kxe3 a4 54. Rb5 Bc7 55. Bb1 a3 56. Ke4 Kxg6 57. Kd5+ Kf6 58. Ba2 Ra5 59. Kc4 Rxb5 60. Kxb5 Ke7 61. Ka4 Bd6 62. Bd5 h5 63. Kb3 1/2-1/2

[Event "Thessaloniki Aris op"]
[Site "Thessaloniki"]
[Date "2014.10.25"]
[Round "2.10"]
[White "Pavlidis, Pavlos"]
[Black "Kyriakidis, Christoforos"]
[Result "1-0"]
[WhiteElo "1725"]
[BlackElo "1000"]
[PlyCount "101"]
[EventDate "2014.10.24"]
[EventType "swiss"]
[EventRounds "6"]
[EventCountry "GRE"]
[SourceTitle "EXT 2024"]
[Source "ChessBase"]
[SourceDate "2023.10.10"]
[SourceVersion "1"]
[SourceVersionDate "2023.10.10"]
[SourceQuality "1"]

1. e4 e6 2. d4 d5 3. Nc3 Bb4 4. e5 c5 5. a3 Bxc3+ 6. bxc3 Ne7 7. Nf3 Nbc6 8. Be2 0-0 9. Bg5 Qa5 10. Qd2 Nf5 11. g4 Nfe7 12. h4 f6 13. exf6 gxf6 14. Bh6 Rf7 15. g5 Nf5 16. gxf6 Rxf6 17. Bg5 Rf7 18. Rd1 cxd4 19. Nxd4 Ncxd4 20. cxd4 Qxa3 21. Bd3 Bd7 22. Bxf5 exf5 23. Rg1 Rg7 24. Rg3 Re8+ 25. Kf1 Bb5+ 26. Kg1 Qd6 27. Re1 Rxe1+ 28. Qxe1 Kf7 29. Kh1 Rg6 30. Rf3 Qe6 31. Re3 Qc8 32. Qb4 Bc6 33. h5 Re6 34. Rf3 Re4 35. Qd6 Qe6 36. Qc7+ Kg8 37. h6 Qf7 38. Qb8+ Re8 39. Qf4 Qh5+ 40. Kg2 Qg4+ 41. Rg3 Qxf4 42. Bxf4+ Kh8 43. Be5+ Rxe5 44. dxe5 a5 45. e6 Be8 46. e7 b5 47. Rf3 Kg8 48. Rxf5 Bf7 49. Rg5+ Kh8 50. Kf1 a4 51. Rxd5 1-0